[Event "10th European Teams w"]
[Site "Warsaw POL"]
[Date "2013.11.08"]
[Round "1.7"]
[White "Chevannes, Sabrina L"]
[Black "Sebag, Marie"]
[Result "0-1"]
[WhiteTitle "WFM"]
[BlackTitle "GM"]
[WhiteElo "2200"]
[BlackElo "2510"]
[WhiteTeam "England"]
[BlackTeam "France"]
[WhiteFideId "411280"]
[BlackFideId "617822"]
[EventDate "2013.11.08"]

1. d4 d5 2. c4 c6 3. Nf3 Nf6 4. Nbd2 Bf5 5. Nh4 Be4 6. Qb3 Qc7 7. Nxe4 dxe4 8.
g3 e6 9. Ng2 c5 10. d5 exd5 11. cxd5 c4 12. Qa4+ Nbd7 13. Ne3 Rc8 14. Bh3 Bd6
15. O-O O-O 16. Qc2 g6 17. Bd2 b5 18. a4 a6 19. axb5 axb5 20. Bc3 Rce8 21. Bd4
Bc5 22. Qd2 Qd6 23. Rfd1 Bxd4 24. Qxd4 Nc5 25. Qc3 Nb3 26. Ra2 h5 27. Bg2 Ra8
28. Rxa8 Rxa8 29. Qc2 Re8 30. h3 Re5 31. Qb1 Qc5 32. Qa2 Nd4 33. Qa8+ Re8 34.
Qa6 Nxd5 35. Nxd5 Qxd5 36. Kf1 Qe5 37. Qb6 Nf5 38. e3 Qxb2 39. Kg1 Qe5 40. Rb1
Nd6 41. Rd1 Re6 42. h4 Kg7 43. Bh3 Nf5 44. Qa5 Rd6 45. Rb1 Rd5 46. Kg2 Nd6 47.
Qb6 c3 48. Rc1 Nc4 49. Qb7 Rd2 0-1

[Event "10th European Teams w"]
[Site "Warsaw POL"]
[Date "2013.11.08"]
[Round "1.7"]
[White "Grigoryan, Meri"]
[Black "Collas, Silvia"]
[Result "0-1"]
[WhiteTitle "WFM"]
[BlackTitle "IM"]
[WhiteElo "2039"]
[BlackElo "2292"]
[WhiteTeam "England"]
[BlackTeam "France"]
[WhiteFideId "13300571"]
[BlackFideId "2902265"]
[EventDate "2013.11.08"]

1. d4 Nf6 2. Nf3 d5 3. Bf4 c5 4. e3 Nc6 5. c4 e6 6. Nc3 a6 7. dxc5 Bxc5 8. Be2
O-O 9. O-O dxc4 10. Bxc4 b5 11. Be2 Bb7 12. Qxd8 Rfxd8 13. Rfd1 h6 14. h3 Kf8
15. Rac1 Be7 16. Bc7 Rxd1+ 17. Rxd1 Rc8 18. Bb6 Ke8 19. a3 Nd7 20. Rxd7 Kxd7 21.
a4 b4 22. Ne4 Nb8 23. Ne5+ Ke8 24. f3 Rc2 25. Bd3 Rc1+ 26. Kf2 Nd7 27. Nxd7 Kxd7
28. Bd4 f6 29. Nd2 e5 30. Bb6 Bd5 31. Bxa6 Kc6 32. Ba7 Rc2 33. Ke1 b3 34. e4 Be6
35. Bb5+ Kb7 36. Be3 Bb4 37. Kd1 Rxb2 38. Kc1 Ra2 39. Nb1 Rxg2 40. h4 b2+ 0-1

[Event "10th European Teams w"]
[Site "Warsaw POL"]
[Date "2013.11.08"]
[Round "1.7"]
[White "Benmesbah, Natacha"]
[Black "Bhatia, Kanwal K"]
[Result "1-0"]
[WhiteTitle "WIM"]
[BlackTitle "WFM"]
[WhiteElo "2248"]
[BlackElo "2039"]
[WhiteTeam "France"]
[BlackTeam "England"]
[WhiteFideId "642002"]
[BlackFideId "407496"]
[EventDate "2013.11.08"]

1. e4 e5 2. Nf3 Nc6 3. Bc4 Nf6 4. d3 Bc5 5. O-O O-O 6. h3 d6 7. c3 a6 8. Bb3 h6
9. Re1 Ba7 10. Nbd2 Nh5 11. Nf1 Qf6 12. Be3 Bxe3 13. Nxe3 Ne7 14. d4 Nf4 15. h4
Neg6 16. g3 Nh3+ 17. Kg2 Nxh4+ 18. gxh4 Qg6+ 19. Kh2 Qxe4 20. Ng2 Qg4 21. Ng1
Nxf2 22. Qxg4 Nxg4+ 23. Kg3 Bd7 24. Nf3 Rae8 25. dxe5 Nxe5 26. Nxe5 dxe5 27.
Rad1 Bc6 28. Bd5 Bxd5 29. Rxd5 f6 30. h5 Kf7 31. Red1 Ke6 32. Nh4 Rf7 33. Ng6 e4
34. Kf4 b6 35. Kxe4 f5+ 36. Kf4 Kf6 37. Rxf5+ 1-0

[Event "10th European Teams w"]
[Site "Warsaw POL"]
[Date "2013.11.08"]
[Round "1.9"]
[White "Kulon, Klaudia"]
[Black "Vega Gutierrez, Sabrina"]
[Result "1/2-1/2"]
[WhiteTitle "WIM"]
[BlackTitle "IM"]
[WhiteElo "2276"]
[BlackElo "2385"]
[WhiteTeam "Poland Futures"]
[BlackTeam "Spain"]
[WhiteFideId "1131044"]
[BlackFideId "2219026"]
[EventDate "2013.11.08"]

1. e4 c5 2. Nf3 Nc6 3. d4 cxd4 4. Nxd4 Nf6 5. Nc3 e5 6. Ndb5 d6 7. Bg5 a6 8. Na3
b5 9. Bxf6 gxf6 10. Nd5 Bg7 11. c3 f5 12. Bd3 Ne7 13. Nxe7 Qxe7 14. O-O O-O 15.
c4 Rb8 16. Qe2 d5 17. cxd5 fxe4 18. Bc2 f5 19. Bb3 Kh8 20. Rfd1 Rb6 21. Rac1 Bb7
22. Nb1 Rd8 23. a3 Rbd6 24. Nc3 Qh4 25. g3 Qh3 26. Qf1 Qh5 27. Qe2 Qh3 28. Qf1
Qh5 29. Qe2 Qxe2 30. Nxe2 Bh6 31. Rc2 Bxd5 32. Bxd5 Rxd5 33. Rxd5 Rxd5 34. Rc6
Rd1+ 35. Kg2 Kg7 36. b4 Rd2 37. Kf1 Rd1+ 38. Kg2 Rd2 39. Kf1 f4 40. gxf4 exf4
41. Ke1 f3 42. Ng3 Rd5 43. Rxa6 Bd2+ 44. Kd1 e3 45. Ra7+ Kg6 46. Ra6+ Kg5 47.
fxe3 Bxe3+ 48. Ke1 Bg1 49. Ne4+ Kf4 50. Nd2 f2+ 51. Ke2 Re5+ 52. Kf1 Ke3 53. Nb3
Bxh2 54. Rh6 Rg5 55. Rh3+ Rg3 56. Rxg3+ Bxg3 57. Nc5 Be5 58. a4 bxa4 59. Nxa4 h5
60. Nc5 h4 61. Nd3 Bd4 62. Nxf2 Kf3 63. Kg1 Kg3 64. b5 h3 65. b6 Bxb6 66. Kh1
Bxf2 1/2-1/2

[Event "10th European Teams w"]
[Site "Warsaw POL"]
[Date "2013.11.08"]
[Round "1.9"]
[White "Matnadze, Ana"]
[Black "Iwanow, Anna"]
[Result "1-0"]
[WhiteTitle "IM"]
[BlackTitle "WIM"]
[WhiteElo "2373"]
[BlackElo "2206"]
[WhiteTeam "Spain"]
[BlackTeam "Poland Futures"]
[WhiteFideId "13601377"]
[BlackFideId "1135988"]
[EventDate "2013.11.08"]

1. d4 Nf6 2. c4 g6 3. Nf3 Bg7 4. g3 O-O 5. Bg2 d6 6. O-O Nbd7 7. Nc3 e5 8. h3
Re8 9. Re1 exd4 10. Nxd4 a6 11. Rb1 Rb8 12. b3 Nf8 13. a4 Ne6 14. Nc2 Nc5 15. e4
a5 16. Nd4 Nfd7 17. f4 c6 18. Be3 Na6 19. Qd2 Ndc5 20. Bf2 Nb4 21. Bf1 Bd7 22.
Kh2 Qc7 23. g4 h6 24. Rbd1 Kh7 25. e5 dxe5 26. Nf3 e4 27. Bxc5 exf3 28. Bd6 Qd8
29. Ne4 Be6 30. Qf2 Qc8 31. Be5 Bxe5 32. fxe5 Rd8 33. Nd6 Qc7 34. Qxf3 Rd7 35.
h4 Rbd8 36. h5 c5 37. Qf6 Rxd6 38. exd6 Rxd6 39. hxg6+ fxg6 40. Qe5 Qe7 41. Rxd6
Qh4+ 42. Kg1 Qxg4+ 43. Bg2 1-0

[Event "10th European Teams w"]
[Site "Warsaw POL"]
[Date "2013.11.08"]
[Round "1.9"]
[White "Wisniowska, Klaudia"]
[Black "Hernandez Estevez, Yudania"]
[Result "1-0"]
[WhiteTitle "WFM"]
[BlackTitle "WIM"]
[WhiteElo "2153"]
[BlackElo "2284"]
[WhiteTeam "Poland Futures"]
[BlackTeam "Spain"]
[WhiteFideId "1181238"]
[BlackFideId "2219344"]
[EventDate "2013.11.08"]

1. e4 e5 2. Nf3 Nc6 3. Bb5 f5 4. Nc3 fxe4 5. Nxe4 Nf6 6. Nxf6+ Qxf6 7. Qe2 Be7
8. Bxc6 dxc6 9. Nxe5 O-O 10. O-O Bf5 11. d4 Bd6 12. f4 Rae8 13. Be3 c5 14. Qc4+
Kh8 15. dxc5 Bxe5 16. fxe5 Qg6 17. Qf4 h6 18. Rae1 Rf7 19. Bd4 Ref8 20. Qg3 Qe6
21. c3 Kh7 22. b3 a5 23. Rf2 a4 24. bxa4 Ra8 25. h3 Rxa4 26. Ree2 Ra6 27. Rb2
Qd7 28. Qe3 Rg6 29. Kh2 Be6 30. Rxf7 Qxf7 31. Rf2 Qd7 32. Qd3 Qe8 33. Qe4 c6 34.
Qc2 Kg8 35. a3 Bd5 36. Qf5 Be6 37. Qb1 Kh7 38. Qxb7 Bd5 39. Qb1 Kg8 40. a4 Qf7
41. Qc2 Qe6 42. Rf6 Rxf6 43. exf6 Be4 44. Qf2 g5 45. Qg3 Qf5 46. Qb8+ Kf7 47.
Qc7+ Ke6 48. Qd6+ 1-0

[Event "10th European Teams w"]
[Site "Warsaw POL"]
[Date "2013.11.08"]
[Round "1.9"]
[White "Nicolas Zapata, Irene"]
[Black "Wozniak, Mariola"]
[Result "1-0"]
[WhiteTitle "WIM"]
[BlackTitle "WC"]
[WhiteElo "2241"]
[BlackElo "2069"]
[WhiteTeam "Spain"]
[BlackTeam "Poland Futures"]
[WhiteFideId "22247270"]
[BlackFideId "1152050"]
[EventDate "2013.11.08"]

1. d4 d5 2. Nf3 Nf6 3. c4 dxc4 4. e3 a6 5. Bxc4 e6 6. O-O c5 7. dxc5 Bxc5 8.
Qxd8+ Kxd8 9. Ne5 Ke7 10. Be2 Nbd7 11. Nc4 b5 12. Na5 e5 13. a4 b4 14. Nd2 e4
15. Ndb3 Bd6 16. Nc6+ Ke8 17. Rd1 Bc7 18. Bd2 a5 19. Nbd4 Nc5 20. Nb5 Kd7 21.
Bxb4+ Kxc6 22. Bxc5 Rd8 23. Rdc1 1-0

[Event "10th European Teams w"]
[Site "Warsaw POL"]
[Date "2013.11.08"]
[Round "1.10"]
[White "Bulmaga, Irina"]
[Black "Seps, Monika"]
[Result "1-0"]
[WhiteTitle "IM"]
[BlackTitle "WIM"]
[WhiteElo "2399"]
[BlackElo "2260"]
[WhiteTeam "Romania"]
[BlackTeam "Switzerland"]
[WhiteFideId "13903063"]
[BlackFideId "1308521"]
[EventDate "2013.11.08"]

1. e4 e6 2. d3 d5 3. Qe2 Nf6 4. Nf3 c5 5. g3 Nc6 6. Bg2 Be7 7. O-O O-O 8. e5 Nd7
9. c3 Qc7 10. Re1 b5 11. h4 a5 12. Bf4 Ba6 13. Nbd2 a4 14. h5 Rfb8 15. Nh2 Nb6
16. Ng4 Qd8 17. Nf3 Rc8 18. Qd2 b4 19. h6 g6 20. Bg5 Nd7 21. c4 dxc4 22. dxc4
Bxg5 23. Nxg5 Nd4 24. Qf4 Qe7 25. b3 Rab8 26. Rad1 Rd8 27. Bc6 Bb7 28. Rxd4 Bxc6
29. Rd6 Rbc8 30. Red1 axb3 31. axb3 Rc7 32. Rxc6 Rxc6 33. Rxd7 Rxd7 34. Nf6+ Kh8
35. Nxd7 f5 36. exf6 Qxd7 37. f7 1-0

[Event "10th European Teams w"]
[Site "Warsaw POL"]
[Date "2013.11.08"]
[Round "1.10"]
[White "Stoeri, Laura"]
[Black "Foisor, Cristina-Adela"]
[Result "0-1"]
[WhiteTitle "WFM"]
[BlackTitle "IM"]
[WhiteElo "2102"]
[BlackElo "2347"]
[WhiteTeam "Switzerland"]
[BlackTeam "Romania"]
[WhiteFideId "1304313"]
[BlackFideId "1200496"]
[EventDate "2013.11.08"]

1. e4 g6 2. d4 Bg7 3. Nf3 d6 4. c3 Nf6 5. Bd3 O-O 6. O-O Nc6 7. h3 e5 8. dxe5
dxe5 9. Na3 Qe7 10. Qe2 Nh5 11. Bg5 Bf6 12. Be3 a6 13. Nc2 Bg7 14. Bg5 f6 15.
Be3 Kh8 16. Rfd1 Re8 17. Qf1 f5 18. b4 f4 19. Bc5 Qf6 20. b5 axb5 21. Bxb5 Be6
22. a4 g5 23. Nh2 Qg6 24. Qe2 Nf6 25. f3 Nd7 26. Bf2 Bf8 27. Nb4 Nxb4 28. Bxd7
Bxd7 29. Rxd7 Qc6 30. Qd2 Nc2 31. Rd1 Ne3 32. Bxe3 fxe3 33. Qe2 Bd6 34. Rf7 Qxc3
35. f4 Rf8 36. Rxf8+ Rxf8 37. f5 Qc6 38. Qf3 Qxa4 39. Ng4 Qb3 40. Kh2 Qf7 41.
Rd5 Qxd5 0-1

[Event "10th European Teams w"]
[Site "Warsaw POL"]
[Date "2013.11.08"]
[Round "1.10"]
[White "Cosma, Elena-Luminita"]
[Black "De Seroux, Camille"]
[Result "1-0"]
[WhiteTitle "WGM"]
[BlackTitle "WFM"]
[WhiteElo "2326"]
[BlackElo "2066"]
[WhiteTeam "Romania"]
[BlackTeam "Switzerland"]
[WhiteFideId "1201590"]
[BlackFideId "1305620"]
[EventDate "2013.11.08"]

1. Nf3 Nf6 2. g3 g6 3. b3 Bg7 4. Bb2 O-O 5. Bg2 d6 6. d4 c5 7. O-O Ne4 8. c4 Nc6
9. Nbd2 f5 10. e3 e6 11. Rb1 Qa5 12. dxc5 Bxb2 13. Rxb2 Nxc5 14. Nb1 Ne4 15. a3
Bd7 16. b4 Qc7 17. Qb3 Rad8 18. Nc3 Nxc3 19. Qxc3 Ne5 20. Nxe5 dxe5 21. Rc1 e4
22. Bf1 e5 23. Rd1 Be6 24. Rbd2 Rxd2 25. Rxd2 Rc8 26. c5 f4 27. exf4 exf4 28.
Qf6 Qc6 29. Qxf4 Rf8 30. Qe5 Qc8 31. Rd6 Bf7 32. Qxe4 Re8 33. Qd4 Qf5 34. Rd8
Qb1 35. Qd3 Qe1 36. Rxe8+ Qxe8 37. Bg2 Qe1+ 38. Qf1 Qc3 39. Bxb7 Qxa3 40. Qe1
Kf8 41. h4 Qd3 42. Bg2 Qc4 43. Qd2 Qe6 44. Qd8+ Kg7 45. Qd4+ Kg8 46. c6 1-0

[Event "10th European Teams w"]
[Site "Warsaw POL"]
[Date "2013.11.08"]
[Round "1.10"]
[White "Thuerig, Catherine"]
[Black "Voicu-Jagodzinsky, Carmen"]
[Result "0-1"]
[BlackTitle "WGM"]
[WhiteElo "1997"]
[BlackElo "2275"]
[WhiteTeam "Switzerland"]
[BlackTeam "Romania"]
[WhiteFideId "1304062"]
[BlackFideId "1206729"]
[EventDate "2013.11.08"]

1. e4 c5 2. Nf3 e6 3. c3 d5 4. exd5 exd5 5. d4 Nc6 6. Be3 c4 7. b3 cxb3 8. axb3
Bd6 9. Bd3 Bg4 10. h3 Bh5 11. O-O Nge7 12. Re1 Bg6 13. b4 O-O 14. Bg5 f6 15. Be3
Bxd3 16. Qxd3 Rc8 17. Na3 Qd7 18. Bd2 Rfe8 19. Nc2 Bb8 20. Ne3 Nd8 21. Nh4 Nf7
22. Nef5 Nd6 23. Nxd6 Qxd6 24. g3 Qd7 25. Kg2 a6 26. Re3 g5 27. Nf3 Nf5 28.
Rxe8+ Rxe8 29. Re1 Nd6 30. Be3 Qf5 31. Qxf5 Nxf5 32. Bd2 Kf7 33. Rxe8 Kxe8 34.
Ne1 b6 35. Nd3 Nd6 36. Nb2 Kd7 37. Kf3 Kc6 38. Ke2 Kb5 39. Kd3 a5 40. bxa5 bxa5
41. Kc2 Ne4 42. Be1 Nd6 43. Kb3 Nc4 44. Nd3 Bd6 45. f4 a4+ 46. Ka2 Ne3 47. fxg5
fxg5 48. Bd2 Nf1 49. Bxg5 Nxg3 50. Bd2 Ne4 51. Be1 Nxc3+ 52. Bxc3 Kc4 53. Nb2+
Kxc3 54. Nxa4+ Kxd4 55. Nb6 Ke4 56. Nxd5 Kxd5 57. Kb3 Ke4 58. Kc2 Kf3 59. Kd3 h5
60. Kd2 Bg3 61. Kd1 Kg2 62. Ke2 Kxh3 63. Kf3 h4 0-1

[Event "10th European Teams w"]
[Site "Warsaw POL"]
[Date "2013.11.08"]
[Round "1.11"]
[White "Srebrnic, Ana"]
[Black "Raeva, Elitsa"]
[Result "1/2-1/2"]
[WhiteTitle "WGM"]
[BlackTitle "WIM"]
[WhiteElo "2198"]
[BlackElo "2361"]
[WhiteTeam "Slovenia"]
[BlackTeam "Bulgaria"]
[WhiteFideId "14603314"]
[BlackFideId "2906660"]
[EventDate "2013.11.08"]

1. Nf3 d5 2. d4 Nf6 3. c4 dxc4 4. Qa4+ c6 5. Qxc4 Bg4 6. Nbd2 Nbd7 7. g3 e6 8.
Bg2 Be7 9. O-O O-O 10. b3 Qa5 11. h3 Bh5 12. Bb2 Rfd8 13. Rfd1 Rac8 14. Bc3 Qc7
15. b4 Nb6 16. Qb3 Nbd5 17. a3 Nxc3 18. Qxc3 a5 19. bxa5 c5 20. Rdc1 Nd5 21. Qb2
Qxa5 22. e4 Bxf3 23. Bxf3 Nf6 24. Nc4 Qa6 25. dxc5 Bxc5 26. Qb3 Qa7 27. Rc2 Qb8
28. Kg2 b5 29. Ne3 h6 30. Rac1 Bxe3 31. Qxe3 e5 32. Rxc8 Rxc8 33. Rxc8+ Qxc8 34.
Qb6 Qd7 35. Qb8+ Qe8 36. Qb7 Qf8 37. Qxb5 Qxa3 38. Qb8+ Kh7 39. Qxe5 Qd3 40. Qf4
Qd4 41. h4 g6 42. Qc7 Kg7 43. Qe7 h5 44. Qb7 Qe5 45. Qb4 Kg8 46. Qb1 Kg7 47. Kg1
Qc3 48. Qd1 Qe5 49. Qe1 Kg8 50. Bg2 Kg7 51. f3 Nd7 52. Qd2 Qa1+ 53. Kh2 Ne5 54.
Qe2 Qc3 55. Kg1 Kg8 56. Kh2 Kg7 57. Kg1 Kg8 58. Kh2 1/2-1/2

[Event "10th European Teams w"]
[Site "Warsaw POL"]
[Date "2013.11.08"]
[Round "1.11"]
[White "Novak, Ksenija"]
[Black "Voiska, Margarita"]
[Result "1/2-1/2"]
[WhiteTitle "WFM"]
[BlackTitle "WGM"]
[WhiteElo "2082"]
[BlackElo "2298"]
[WhiteTeam "Slovenia"]
[BlackTeam "Bulgaria"]
[WhiteFideId "14604272"]
[BlackFideId "2900602"]
[EventDate "2013.11.08"]

1. Nf3 d5 2. c4 c6 3. g3 Nf6 4. Bg2 Bf5 5. cxd5 cxd5 6. Qb3 Qc8 7. Nc3 e6 8. d3
Nc6 9. O-O Be7 10. Re1 O-O 11. Bg5 Bg4 12. Qa4 Bxf3 13. Bxf3 h6 14. Bxf6 Bxf6
15. Bg2 Qd8 16. Rab1 a6 17. e3 b5 18. Qd1 Rc8 19. d4 Na5 20. Rc1 Be7 21. Nb1 Nc4
22. b3 Nd6 23. Rxc8 Nxc8 24. Qc2 Qa5 25. Rc1 Nb6 26. Qd2 Bb4 27. Qb2 Rc8 28.
Rxc8+ Nxc8 29. Qc2 Ne7 30. Bf1 g6 31. Bd3 Kg7 32. Kg2 h5 33. h4 Ng8 34. Be2 Nf6
35. f3 Bd6 36. Nd2 e5 37. dxe5 Bxe5 38. Bd3 d4 39. exd4 Bxd4 40. Nf1 Nd5 41. a4
Qe1 42. Qd2 Ne3+ 43. Kh3 Qa1 44. Nxe3 Bxe3 45. Qg2 bxa4 46. bxa4 Qxa4 47. Qe2
Qa1 48. Qf1 Qxf1+ 49. Bxf1 a5 50. Bb5 f6 51. g4 Kh6 52. Kg3 Bd2 53. Kf2 Bf4 54.
Bd7 Bd6 55. Kg2 Be7 56. Kg3 Kg7 57. gxh5 gxh5 58. f4 Bb4 59. f5 Be1+ 60. Kh3 Kf8
61. Ba4 Kg7 62. Bd1 Kh6 63. Ba4 Bf2 64. Bd1 Be1 65. Ba4 Bf2 1/2-1/2

[Event "10th European Teams w"]
[Site "Warsaw POL"]
[Date "2013.11.08"]
[Round "1.11"]
[White "Ivanova, Simoneta"]
[Black "Unuk, Laura"]
[Result "1/2-1/2"]
[WhiteElo "2046"]
[BlackElo "1991"]
[WhiteTeam "Bulgaria"]
[BlackTeam "Slovenia"]
[WhiteFideId "2900548"]
[BlackFideId "14609215"]
[EventDate "2013.11.08"]

1. d4 d5 2. c4 c6 3. cxd5 cxd5 4. Bf4 Nf6 5. Nc3 a6 6. e3 Nc6 7. Bd3 e6 8. Rc1
Be7 9. Nge2 O-O 10. O-O Nh5 11. Be5 f6 12. Ng3 Nxg3 13. Bxg3 g6 14. Na4 Bd6 15.
Bxd6 Qxd6 16. f4 Nb4 17. Bb1 Bd7 18. Nc5 Bb5 19. Rf3 b6 20. a3 Nc6 21. Nd3 Na5
22. a4 Bxd3 23. Bxd3 Qb4 24. Rh3 Rf7 25. Qc2 f5 26. b3 b5 27. axb5 axb5 28. Rb1
Rb8 29. Rg3 Qe7 30. Ra1 Nb7 31. Bxb5 Nd6 32. Bd3 Qb7 33. Rb1 Rc7 34. Qe2 Qb4 35.
h4 Rg7 36. h5 Qc3 37. hxg6 Rxg6 38. Rxg6+ hxg6 39. Bc2 Nb5 40. Qd3 Qa5 41. b4
Qa3 42. Rb3 Qa4 43. Qd1 Rc8 44. Kh2 Kg7 45. Kg3 Qa2 46. Bb1 Qa4 47. Bc2 1/2-1/2

[Event "10th European Teams w"]
[Site "Warsaw POL"]
[Date "2013.11.08"]
[Round "1.12"]
[White "Vojinovic, Jovana"]
[Black "Cemhan, Kardelen"]
[Result "1-0"]
[WhiteTitle "WGM"]
[BlackTitle "WC"]
[WhiteElo "2352"]
[BlackElo "1993"]
[WhiteTeam "Serbia"]
[BlackTeam "Turkey"]
[WhiteFideId "937266"]
[BlackFideId "6325670"]
[EventDate "2013.11.08"]

1. c4 c5 2. Nf3 Nf6 3. Nc3 Nc6 4. e3 d5 5. d4 e6 6. dxc5 Bxc5 7. a3 a5 8. cxd5
exd5 9. Nb5 O-O 10. Be2 Bg4 11. O-O Qe7 12. Bd2 Rad8 13. Bc3 Rfe8 14. Nbd4 Bb6
15. Qa4 Nxd4 16. Bxd4 Bxd4 17. Nxd4 Bxe2 18. Nxe2 Qe5 19. Nd4 Ne4 20. Qxa5 Rc8
21. Rad1 h6 22. Qb4 Rc7 23. Nf3 Qe6 24. Qd4 Rd8 25. Nd2 Nf6 26. Nb1 Ne4 27. f3
Nf6 28. Rc1 Rdc8 29. Rxc7 Rxc7 30. Nc3 Re7 31. Re1 Qf5 32. Re2 h5 33. Rd2 Qe6
34. Rd3 Rd7 35. Na4 Qc6 36. Rc3 Qb5 37. Qd3 Qxd3 38. Rxd3 Rc7 39. Nc3 g6 40. Kf2
Kf8 41. Ke2 Rd7 42. Rd4 Ke7 43. Rb4 Rc7 44. Kd3 Ke6 45. Rb6+ Rc6 46. Rxb7 Nd7
47. Rb5 Ne5+ 48. Ke2 Rd6 49. Rb8 Nc4 50. Nb5 Rd7 51. b3 Ne5 52. a4 Ke7 53. Rc8
Rb7 54. Kd2 Kd7 55. Rc5 Ke6 56. Kc3 Nd7 57. Rc6+ Ke5 58. f4+ 1-0

[Event "10th European Teams w"]
[Site "Warsaw POL"]
[Date "2013.11.08"]
[Round "1.13"]
[White "Dolzhikova, Olga"]
[Black "Worek, Joanna"]
[Result "1/2-1/2"]
[WhiteTitle "WGM"]
[BlackTitle "WIM"]
[WhiteElo "2198"]
[BlackElo "2336"]
[WhiteTeam "Norway"]
[BlackTeam "Poland III"]
[WhiteFideId "14105870"]
[BlackFideId "1118080"]
[EventDate "2013.11.08"]

1. e4 c5 2. c3 Nf6 3. e5 Nd5 4. g3 d6 5. exd6 Qxd6 6. Nf3 Nc6 7. Na3 Bg4 8. Be2
g6 9. d4 cxd4 10. Nb5 Qd7 11. Nfxd4 Bxe2 12. Nxe2 Rc8 13. O-O Bg7 14. Nf4 Nf6
15. Qxd7+ Nxd7 16. Be3 a6 17. Na3 O-O 18. Rfd1 Nf6 19. Bb6 Ne5 20. Kg2 e6 21.
Rac1 Rc6 22. Bd4 Ned7 23. Nd3 Bh6 24. Rb1 Re8 25. Bxf6 Nxf6 26. Ne5 Rc7 27. Nac4
Bf8 28. Rd3 Nd5 29. Ne3 Nxe3+ 30. fxe3 f6 31. Nf3 b5 32. Rbd1 b4 33. cxb4 Bxb4
34. a3 Bf8 35. Kf2 e5 36. Rd7 Rec8 37. Rxc7 Rxc7 38. Rd2 Kf7 39. Ke2 Ke6 40. Ne1
a5 41. Rd8 Be7 42. Rb8 f5 43. Rb5 Rc5 44. Rb7 h5 45. Kd2 h4 46. Rb6+ Kf7 47.
gxh4 Bxh4 48. Nd3 Rd5 49. Kc3 e4 50. Nf4 Rc5+ 51. Kd4 Rc2 52. Rb7+ Kf6 53. Rb6+
Kf7 54. Rb7+ Kf6 55. Rb6+ 1/2-1/2

[Event "10th European Teams w"]
[Site "Warsaw POL"]
[Date "2013.11.08"]
[Round "1.13"]
[White "Dworakowska, Joanna"]
[Black "Sahl, Sheila Barth"]
[Result "1-0"]
[WhiteTitle "IM"]
[BlackTitle "WIM"]
[WhiteElo "2326"]
[BlackElo "2233"]
[WhiteTeam "Poland III"]
[BlackTeam "Norway"]
[WhiteFideId "1107445"]
[BlackFideId "1500953"]
[EventDate "2013.11.08"]

1. e4 c5 2. Nf3 d6 3. Bc4 e6 4. O-O Nf6 5. Re1 a6 6. Bf1 Nc6 7. d4 cxd4 8. Nxd4
Bd7 9. c4 Be7 10. Nc3 O-O 11. Nc2 Rc8 12. a4 Na5 13. Ne3 b6 14. Kh1 Bc6 15. Bd3
Bb7 16. f3 Nd7 17. f4 Bf6 18. Bd2 Nc5 19. Bc2 Nc6 20. Ra3 Nb4 21. Bb1 Nbd3 22.
Rf1 Nxb2 23. Qe2 Bxc3 24. Bxc3 Nbxa4 25. Ba1 b5 26. e5 b4 27. Rxa4 Nxa4 28. Qc2
g6 29. Qxa4 Qb6 30. Ng4 Rxc4 31. exd6 f6 32. Nxf6+ Rxf6 33. Qe8+ Rf8 34. Qxe6+
Rf7 35. Qxc4 Qxd6 36. Ba2 1-0

[Event "10th European Teams w"]
[Site "Warsaw POL"]
[Date "2013.11.08"]
[Round "1.13"]
[White "Gronnestad, Anita"]
[Black "Bartel, Marta"]
[Result "0-1"]
[BlackTitle "WGM"]
[WhiteElo "1958"]
[BlackElo "2308"]
[WhiteTeam "Norway"]
[BlackTeam "Poland III"]
[WhiteFideId "1502972"]
[BlackFideId "1123009"]
[EventDate "2013.11.08"]

1. e4 c5 2. c4 Nc6 3. Nc3 e6 4. g3 Nf6 5. Bg2 Be7 6. Nge2 O-O 7. O-O d6 8. d3 a6
9. a3 Rb8 10. Rb1 b5 11. cxb5 axb5 12. b4 Ba6 13. Bf4 e5 14. Bg5 Nd4 15. Bxf6
Bxf6 16. Nxd4 exd4 17. Nd5 Re8 18. Rc1 Be7 19. f4 Bf8 20. f5 Bb7 21. Nf4 Ra8 22.
Qb3 Qb6 23. Ra1 Rec8 24. bxc5 dxc5 25. a4 Ra5 26. axb5 Rxb5 27. Qd1 Rb2 28. Qg4
Ra8 29. Rxa8 Bxa8 30. Nh5 Qh6 31. f6 Qe3+ 32. Kh1 g6 33. Nf4 c4 34. Qc8 c3 35.
Ne6 fxe6 36. Qxe6+ Kh8 37. f7 Qh6 38. Qe5+ Qg7 39. Qa5 Bb7 40. h4 h5 41. Qd8 c2
42. Qg5 Rb1 43. Bh3 Rxf1+ 44. Bxf1 Qxf7 0-1

[Event "10th European Teams w"]
[Site "Warsaw POL"]
[Date "2013.11.08"]
[Round "1.14"]
[White "Schut, Lisa"]
[Black "Zozulia, Anna"]
[Result "0-1"]
[WhiteTitle "WIM"]
[BlackTitle "IM"]
[WhiteElo "2333"]
[BlackElo "2334"]
[WhiteTeam "Netherlands"]
[BlackTeam "Belgium"]
[WhiteFideId "1019481"]
[BlackFideId "14102110"]
[EventDate "2013.11.08"]

1. e4 c5 2. Nf3 Nc6 3. d4 cxd4 4. Nxd4 e5 5. Nb5 d6 6. N1c3 a6 7. Na3 Be6 8. g3
h5 9. Be3 Nf6 10. Bg2 Nb4 11. O-O d5 12. exd5 Nbxd5 13. Nxd5 Bxd5 14. Re1 Bxg2
15. Kxg2 Bxa3 16. bxa3 O-O 17. Bg5 Re8 18. Qe2 Rc8 19. c4 Qc7 20. Rac1 Qc5 21.
Kg1 Re6 22. Rc3 e4 23. Bxf6 Rxf6 24. Rd1 Rf5 25. Rc2 Re8 26. Rc3 g6 27. Re3 Re6
28. Rd8+ Kh7 29. Rd7 Ref6 30. Rd5 Rxd5 31. cxd5 Qxd5 32. Rxe4 Rc6 33. Qf3 Kg7
34. Kg2 Qxa2 35. Re2 Qc4 36. Re7 Rc7 37. Re4 Qd5 38. Qe2 f5 39. Qb2+ Kh7 0-1

[Event "10th European Teams w"]
[Site "Warsaw POL"]
[Date "2013.11.08"]
[Round "1.14"]
[White "Goossens, Hanne"]
[Black "Peng, Zhaoqin"]
[Result "1-0"]
[BlackTitle "GM"]
[WhiteElo "2069"]
[BlackElo "2378"]
[WhiteTeam "Belgium"]
[BlackTeam "Netherlands"]
[WhiteFideId "200468"]
[BlackFideId "1004786"]
[EventDate "2013.11.08"]

1. e4 e6 2. d4 d5 3. exd5 exd5 4. Bd3 Nc6 5. c3 Bd6 6. Qf3 Be6 7. Ne2 Qf6 8. Bf4
O-O-O 9. Nd2 Nh6 10. Bxd6 Qxf3 11. Nxf3 Rxd6 12. h3 Bf5 13. Bxf5+ Nxf5 14. Nf4
Re8+ 15. Kd2 Re4 16. Nd3 Rg6 17. g3 Nd6 18. Nf4 Rf6 19. Rae1 h6 20. Nh2 Nd8 21.
Ng4 Nc4+ 22. Kc2 Rd6 23. b3 Nb6 24. Ne3 g5 25. Nd3 c6 26. Nc5 Rf6 27. Nxe4 dxe4
28. Rhf1 Rf3 29. Ng4 Nd5 30. Ne3 Ne6 31. Nxd5 cxd5 32. Re3 Rf6 33. f3 Kd7 34.
Kd2 Ng7 35. Ke1 exf3 36. Rfxf3 Rxf3 37. Rxf3 Ke6 38. Kd2 Nf5 39. Kd3 f6 40. c4
Ne7 41. Re3+ Kf7 42. Re2 h5 43. cxd5 Nxd5 44. Kc4 Nb6+ 45. Kc5 f5 46. d5 1-0